000 00609nam a2200229 i 4500
001 C2-0227894
003 PPAK
005 20180728155208.0
008 000731s19 io a|||| ||||| | may d
040 _aPPAK
_beng
_cPPAK
_erda
082 0 4 _a301.05
_223
090 0 0 _a301.05
_bINT
_dKAH
245 0 0 _aIntisari 1974 - 1975
264 1 _aDjakarta, Indonesia :
_bJajasan Intisari ,
_c[19?]
300 _billustrations ;
_c21 cm
336 _2rdacontent
_atext
337 _2rdamedia
_aunmediated
338 _2rdacarrier
_avolume
500 _aJilid
650 1 0 _aSociology - Periodicals
942 _ddc
_cB
999 _c147894
_d147894